Statistics for NBA 2020s All-Stars by Team

Click here to take the quiz!

General Stats

  • This quiz has been taken 690 times
    (170 since last reset)
  • The average score is 28 of 29

Answer Stats

TeamPlayers% Correct
CavaliersDarius Garland | Jarrett Allen | Donovan Mitchell
100%
KingsDomantas Sabonis | De'Aaron Fox
100%
BucksGiannis Antetokounmpo | Khris Middleton | Jrue Holiday | Damian Lillard
100%
GrizzliesJa Morant | Jaren Jackson Jr.
100%
HeatJimmy Butler | Bam Adebayo
100%
76ersJoel Embiid | Ben Simmons | Tyrese Maxey
100%
ClippersKawhi Leonard | Paul George
100%
CelticsKemba Walker | Jayson Tatum | Jaylen Brown
100%
LakersLeBron James | Anthony Davis
100%
MavericksLuka Dončić
100%
NuggetsNikola Jokić
100%
HawksTrae Young
100%
PelicansBrandon Ingram | Zion Williamson
99%
Trail BlazersDamian Lillard
99%
SunsDevin Booker | Chris Paul | Kevin Durant
99%
PacersDomantas Sabonis | Tyrese Haliburton
99%
JazzDonovan Mitchell | Rudy Gobert | Mike Conley | Lauri Markkanen
99%
KnicksJulius Randle | Jalen Brunson
99%
HornetsLaMelo Ball
99%
RaptorsPascal Siakam | Kyle Lowry | Fred VanVleet | Scottie Barnes
99%
WarriorsStephen Curry | Draymond Green | Andrew Wiggins
99%
BullsZach LaVine | DeMar DeRozan
99%
ThunderChris Paul | Shai Gilgeous-Alexander
98%
TimberwolvesKarl-Anthony Towns | Anthony Edwards
98%
NetsKyrie Irving | Kevin Durant | James Harden
98%
RocketsJames Harden | Russell Westbrook
96%
WizardsBradley Beal
95%
MagicNikola Vučević | Paolo Banchero
95%
SpursDejounte Murray
79%

Score Distribution

Percentile by Number Answered

Percent of People with Each Score

Your Score History

You have not taken this quiz since the last reset